000 00293nam a2200109 4500
999 _c9745
_d9745
008 180716b ||||| |||| 00| 0 eng d
245 _aTax payment season again.
260 _aPhilippines
_bPhilippine Daily Inquirer
_cc2017
300 _apage B3.
650 0 _928928
_aTaxation.
942 _2ddc
_cPER